ნორმალური ფორმატი
MARC ფორმატი
ჩანაწერი Personal Name
ჩანაწერთა რაოდენობა, რომელიც გამოყენებულია: 1
001 - CONTROL NUMBER
- control field: 12241
003 - CONTROL NUMBER IDENTIFIER
- control field: GE_BSU
005 - DATE AND TIME OF LATEST TRANSACTION
- control field: 20210712182418.0
008 - FIXED-LENGTH DATA ELEMENTS
- fixed length control field: 210712|| aca||aabn | a|a d
040 ## - CATALOGING SOURCE
- Original cataloging agency: GE_BSU
- Transcribing agency: GE_BSU
100 ## - HEADING--PERSONAL NAME
- Personal name: პორტნი, სტენლი ი.
670 ## - SOURCE DATA FOUND
- Source citation: Work cat.: (GE_BSU)54077: პორტნი, სტენლი ი., პროექტის მართვა მარტივად /
